书目信息 |
| 题名: |
中国星级饭店行业发展研究报告
|
|
| 作者: | ;国家旅游局 编 | |
| 分册: | 2017 | |
| 出版信息: | 北京 中国旅游出版社 2017 |
|
| 页数: | 217页 | |
| 开本: | 26cm | |
| 丛书名: | ||
| 单 册: | ||
| 中图分类: | F719.2 , F719.3 | |
| 科图分类: | ||
| 主题词: | 饭店业--经济发展--研究报告--中国--2017 | |
| 电子资源: | ||
| ISBN: | 978-7-5032-5971-5 | |
| 000 | 01059nam0 2200253 450 | |
| 001 | 012001004556 | |
| 005 | 20180929092448.46 | |
| 010 | @a978-7-5032-5971-5@dCNY68.00 | |
| 100 | @a20180819d2017 em y0chiy50 ea | |
| 101 | 0 | @achi@aeng |
| 102 | @aCN@b110000 | |
| 105 | @ay z 000yy | |
| 106 | @ar | |
| 200 | 1 | @a中国星级饭店行业发展研究报告@9zhong guo xing ji fan dian hang ye fa zhan yan jiu bao gao@h2017@dResearch report on the development of star-rated hotels in China@h2017@f中华人民共和国国家旅游局编@zeng |
| 210 | @a北京@c中国旅游出版社@d2017 | |
| 215 | @a217页@d26cm | |
| 330 | @a本书内容包括:2016年度我国星级饭店行业发展总体特征、我国星级饭店行业规模及经营情况、我国星级饭店季度统计分析、我国星级饭店行业区域市场分析。 | |
| 510 | 1 | @aResearch report on the development of star-rated hotels in China@h2017@zeng |
| 606 | 0 | @a饭店业@x经济发展@x研究报告@y中国@z2017 |
| 690 | @aF719.2@v5 | |
| 690 | @aF719.3@v5 | |
| 711 | 02 | @a国家旅游局@9guo jia lv you ju@4编 |
| 801 | 0 | @aCN@b上海新华@c20180901 |
| 905 | @b1166452-6@dF719.2@e1085(2017)@f5 | |
| 中国星级饭店行业发展研究报告.2017=Research report on the development of star-rated hotels in China.2017/中华人民共和国国家旅游局编.-北京:中国旅游出版社,2017 |
| 217页;26cm |
| ISBN 978-7-5032-5971-5:CNY68.00 |
| 本书内容包括:2016年度我国星级饭店行业发展总体特征、我国星级饭店行业规模及经营情况、我国星级饭店季度统计分析、我国星级饭店行业区域市场分析。 |
| ● |
| 相关链接 |
|
|
|
|
正题名:中国星级饭店行业发展研究报告
索取号:F719.2/1085(2017)
 
预约/预借
| 序号 | 登录号 | 条形码 | 馆藏地/架位号 | 状态 | 备注 |
| 1 | 1166452 | 211664527 | 第一样本阅览室/ [索取号:F719.2/1085(2017)] | 在馆 | |
| 2 | 1166453 | 211664536 | 第一借阅区/ [索取号:F719.2/1085(2017)] | 在馆 | |
| 3 | 1166454 | 211664545 | 第一借阅区/ [索取号:F719.2/1085(2017)] | 在馆 | |
| 4 | 1166455 | 211664554 | 第一借阅区/ [索取号:F719.2/1085(2017)] | 在馆 | |
| 5 | 1166456 | 211664563 | 密集书库-史法系/ [索取号:F719.2/1085(2017)] | 在馆 |